| 000 | 00416nam a2200181Ia 4500 | ||
|---|---|---|---|
| 003 | GCL | ||
| 008 | 140319s9999 xx 000 0 eng d | ||
| 040 |
_aGCL / _cGCL |
||
| 082 | 0 | 4 |
_a745.54 _bK O |
| 100 | 1 | _aKAWAI, TAYAAKI | |
| 245 | 1 | 0 |
_aORIGANI / _cKAWAI, TAYAAKI |
| 260 |
_a[S.N] : _bHAIKUSHA |
||
| 300 | _a138 PP | ||
| 490 |
_aCOLER BOOKS _v0 |
||
| 650 | 0 | 4 | _aJAPAN |
| 650 | 0 | 4 | _aART, JAPAN |
| 942 |
_2ddc _cBK |
||
| 999 |
_c19151 _d19151 |
||